Statistiken für Städte anhand ihrer Silhouetten - Karten-Quiz

Klicken Sie hier um das Quiz zu spielen!

Allgemein

  • Dieses Quiz wurde 24.745 mal gespielt
  • Das Durchschnittsergebnis liegt bei 5 aus 10

Antworten auf der Karte

Die Antworten werden auf der Karte rot bzw. grün angezeigt, abhängig davon wie oft sie richtig erraten wurden.
 

Antwortstatistiken

Antwort% Korrekt
Paris
98%
Dubai
76%
New York City
76%
Sydney
57%
Seattle
47%
Barcelona
41%
Shanghai
41%
Kuala Lumpur
38%
Toronto
36%
Johannesburg
21%

Verteilung der Resultate

Perzentil nach korrekt beantworteten Fragen

Anzahl Personen mit jedem Resultat

Ihre Resultats-Entwicklung

Sie haben dieses Quiz noch nicht gespielt